000 00590nam a2200277Ia 4500
005 20260401122052.0
008 008 250103s9999 xx 000 0 eng d
020 _a713451408
037 _aTB
040 _aEDL
040 _beng
040 _cEDL
041 _2eng
041 _aeng
084 _a820.9 TAL
084 _qEDL
245 0 _aLiterary Theory at Work: Three Texts
260 _aLondon
260 _bB T Batsford Ltd.
260 _c1991
300 _a218p
942 _cTB
942 _h820.9 TAL
999 _c1844709
_d1844709